Statistics for Portmanteaus Quiz #3

Click here to take the quiz!

General Stats

  • This quiz has been taken 29,735 times
    (11,880 since last reset)
  • The average score is 27 of 36

Answer Stats

PortmanteauComponent% Correct
BromanceRomance
99%
BromanceBro
98%
MocktailCocktail
97%
TofurkeyTurkey
97%
CamcorderCamera
96%
FantabulousFabulous
96%
FantabulousFantastic
96%
ManscapingMan
96%
CamcorderRecorder
96%
PhabletTablet
95%
TofurkeyTofu
95%
SitcomComedy
92%
CremainsRemains
92%
SpamalotSpam
92%
CosplayPlay
91%
MocktailMock
88%
CremainsCremate
83%
JortsShorts
83%
ManscapingLandscaping
80%
SitcomSituation
80%
CosplayCostume
78%
PhabletPhone
78%
PositronPositive
76%
JortsJean
74%
EbonicsEbony
69%
SpamalotCamelot
60%
PositronElectron
60%
ChortleChuckle
56%
FrolfGolf
53%
CrunkDrunk
45%
TanzaniaZanzibar
44%
EbonicsPhonics
41%
CrunkCrazy
35%
FrolfFrisbee
34%
TanzaniaTanganyika
32%
ChortleSnort
29%

Score Distribution

Percentile by Number Answered

Percent of People with Each Score

Your Score History

You have not taken this quiz since the last reset